| LEADER | 00945cam a2200193 7i4500 | ||
|---|---|---|---|
| 001 | 0000024417 | ||
| 005 | 20100420090000.0 | ||
| 020 | 0 | 0 | |a 967-70-1270-3 |
| 090 | 0 | 0 | |a T 382.7 |b MAL (M) |
| 245 | 0 | 4 | |a The Malaysian trade classification and customs duties order : |b import duties, export duties, sales tax, import licence (AP), export licence (AP) : |b import duties, export duties, sales tax, import licence (AP), export licence (AP) : |b all amendments up to 1January 2010 including 2010 budget amendments. |
| 260 | 0 | 0 | |a Kuala Lumpur: |b MDC Publishers, |c 2010. |
| 300 | # | # | |a 845 p. |
| 650 | 0 | 0 | |a Tariff -- |z Malaysia |
| 651 | 0 | 0 | |a Malaysia |
| 999 | |a JHR000197B |b Book |c Tariffs |e Business Information Centre | ||
| 999 | |a PNG000904B |b Book |c Tariffs |e MATRADE Northern Regional Office | ||
| 999 | |a SBH000874B |b Book |c Tariffs |e MATRADE Sabah | ||
| 999 | |a SRW000301B |b Book |c Tariffs |e MATRADE Sarawak | ||
| 999 | |a TRG000186B |b Book |c Tariffs |e MATRADE Eastern Regional Office | ||


